[Event "Romanian-ch Women 2022"]
[Site "Eforie Nord"]
[Date "2022.02.26"]
[Round "8.8"]
[White "Hoanca, Alexia-Ioana"]
[Black "Obada, Ema"]
[Result "1-0"]
[WhiteElo "1710"]
[BlackElo "2010"]
[Annotator "NA"]
[PlyCount "57"]
[EventDate "2022.02.20"]
[EventType "swiss"]
[EventCountry "ROU"]
[SourceTitle "playchess.com"]
[Source "ChessBase"]
[SourceQuality "1"]
[TimeControl "40/5400+30:900+30"]

1. e4 {[%emt 1:31:00]} e6 {[%emt 1:31:00]} 2. d3 {[%emt 0:00:30]} d5 {[%emt 0:00:30]} 3. Nd2 {[%emt 0:00:30]} c5 {[%emt 0:00:30]} 4. Ngf3 {[%emt 0:00:30]} Nc6 {[%emt 0:00:30]} 5. g3 {[%emt 0:00:30]} Bd6 {[%emt 0:00:30]} 6. Bg2 {[%emt 0:00:30]} Nge7 {[%emt 0:00:30]} 7. O-O {[%emt 0:00:30]} O-O {[%emt 0:00:30]} 8. Nh4 {[%emt 0:00:30]} b6 {[%emt 0:00:30]} 9. f4 {[%emt 0:00:30]} dxe4 {[%emt 0:00:30]} 10. dxe4 {[%emt 0:00:30]} Ba6 {[%emt 0:00:30]} 11. Re1 {[%emt 0:00:30]} Bc7 {[%emt 0:00:30]} 12. c3 {[%emt 0:00:30]} Bd3 {[%emt 0:00:30]} 13. Qh5 {[%emt 0:00:30]} Qd7 {[%emt 0:00:30]} 14. Ndf3 {[%emt 0:00:30]} c4 {[%emt 0:00:30]} 15. g4 {[%emt 0:00:30]} f5 {[%emt 0:00:30]} 16. gxf5 {[%emt 0:00:30]} exf5 {[%emt 0:00:30]} 17. e5 {[%emt 0:00:30]} h6 18. Ng6 {[%emt 0:00:30]} Nxg6 {[%emt 0:01:00]} 19. Qxg6 {[%emt 0:00:30]} Ne7 {[%emt 0:00:30]} 20. Qh5 {[%emt 0:00:30]} Be4 {[%emt 0:00:30]} 21. Rxe4 {[%emt 0:00:30]} fxe4 {[%emt 0:00:30]} 22. Nd4 {[%emt 0:00:30]} Nc6 23. Bh3 {[%emt 0:00:30]} Qe8 {[%emt 0:01:00]} 24. Qxe8 {[%emt 0:00:30]} Raxe8 {[%emt 0:00:30]} 25. Nxc6 {[%emt 0:00:30]} b5 {[%emt 0:00:30]} 26. Be3 {[%emt 0:00:30]} g5 {[%emt 0:00:30]} 27. Bd7 {[%emt 0:00:30]} Ra8 {[%emt 0:00:30]} 28. f5 {[%emt 0:00:30]} a5 {[%emt 0:00:30]} 29. Bc5 {[%emt 0:00:30]} 1-0

[Event "Romanian-ch Women 2022"]
[Site "Eforie Nord"]
[Date "2022.02.26"]
[Round "8.9"]
[White "Batagan, Ilinca-Petra"]
[Black "Bucur, Denisa-Andreea"]
[Result "1/2-1/2"]
[WhiteElo "1881"]
[BlackElo "2023"]
[Annotator "NA"]
[PlyCount "47"]
[EventDate "2022.02.20"]
[EventType "swiss"]
[EventCountry "ROU"]
[SourceTitle "playchess.com"]
[Source "ChessBase"]
[SourceQuality "1"]
[TimeControl "40/5400+30:900+30"]

1. e4 {[%emt 0:00:04]} e6 {[%emt 0:00:18]} 2. d4 {[%emt 0:00:18]} d5 {[%emt 0:00:08]} 3. exd5 {[%emt 0:00:30]} exd5 {[%emt 0:00:05]} 4. c4 {[%emt 0:00:10]} Nf6 {[%emt 0:01:03]} 5. Nf3 {[%emt 0:00:49]} Bg4 {[%emt 0:02:10]} 6. Be2 {[%emt 0:09:38]} dxc4 {[%emt 0:18:14]} 7. Bxc4 {[%emt 0:07:37]} Bb4+ {[%emt 0:00:38]} 8. Bd2 {[%emt 0:08:12]} Qe7+ {[%emt 0:07:12]} 9. Qe2 {[%emt 0:03:31]} Qxe2+ {[%emt 0:00:41]} 10. Kxe2 {[%emt 0:02:03]} Bxd2 {[%emt 0:05:15]} 11. Nbxd2 {[%emt 0:01:18]} O-O {[%emt 0:00:24]} 12. Rhe1 {[%emt 0:02:59]} Nc6 {[%emt 0:06:51]} 13. Nb3 {[%emt 0:07:23]} Rad8 {[%emt 0:06:56]} 14. Rad1 {[%emt 0:01:51]} Nb4 {[%emt 0:03:50]} 15. Kf1 {[%emt 0:04:50]} Nbd5 {[%emt 0:03:51]} 16. Nc5 {[%emt 0:07:06]} b6 {[%emt 0:04:08]} 17. Ne4 {[%emt 0:01:13]} Bxf3 {[%emt 0:08:04]} 18. Nxf6+ {[%emt 0:01:44]} Nxf6 {[%emt 0:00:38]} 19. gxf3 {[%emt 0:00:06]} Rd7 {[%emt 0:04:43]} 20. Bb5 {[%emt 0:07:42]} Rd5 {[%emt 0:00:08]} 21. a4 {[%emt 0:00:45]} Rh5 {[%emt 0:07:21]} 22. Re7 {[%emt 0:07:40]} Nd5 {[%emt 0:01:18]} 23. Re5 {[%emt 0:00:12]} g6 {[%emt 0:03:14]} 24. Rxh5 {[%emt 0:01:10]} 1/2-1/2

[Event "Romanian-ch Women 2022"]
[Site "Eforie Nord"]
[Date "2022.02.26"]
[Round "8.10"]
[White "Trifoi, Mihaela-Ioana"]
[Black "Schiopu, Andreea-Alexandra"]
[Result "1/2-1/2"]
[WhiteElo "1893"]
[BlackElo "1733"]
[Annotator "NA"]
[PlyCount "92"]
[EventDate "2022.02.20"]
[EventType "swiss"]
[EventCountry "ROU"]
[SourceTitle "playchess.com"]
[Source "ChessBase"]
[SourceQuality "1"]
[TimeControl "40/5400+30:900+30"]

1. e4 {[%emt 0:00:03]} c6 {[%emt 0:03:47]} 2. d4 {[%emt 0:00:08]} d5 {[%emt 0:00:13]} 3. exd5 {[%emt 0:00:09]} cxd5 {[%emt 0:00:27]} 4. Bd3 {[%emt 0:00:20]} Nc6 {[%emt 0:00:34]} 5. c3 {[%emt 0:00:11]} Nf6 {[%emt 0:00:40]} 6. Bf4 {[%emt 0:00:32]} Bg4 {[%emt 0:00:40]} 7. Qb3 {[%emt 0:00:07]} Qd7 {[%emt 0:00:41]} 8. Nd2 {[%emt 0:01:05]} e6 {[%emt 0:02:23]} 9. Ngf3 {[%emt 0:00:11]} Bd6 {[%emt 0:01:46]} 10. Bxd6 {[%emt 0:08:22]} Qxd6 {[%emt 0:00:03]} 11. O-O {[%emt 0:00:07]} O-O {[%emt 0:00:22]} 12. Rfe1 {[%emt 0:00:26]} Qc7 {[%emt 0:03:50]} 13. Qc2 {[%emt 0:07:45]} Rfc8 {[%emt 0:03:33]} 14. Qb1 {[%emt 0:02:33]} Ne7 {[%emt 0:02:19]} 15. Ne5 {[%emt 0:01:10]} Bf5 {[%emt 0:00:53]} 16. h3 {[%emt 0:00:43]} b5 {[%emt 0:03:08]} 17. a3 {[%emt 0:00:57]} a5 {[%emt 0:02:32]} 18. g4 {[%emt 0:01:34]} Bxd3 {[%emt 0:01:19]} 19. Qxd3 {[%emt 0:01:59]} b4 {[%emt 0:01:56]} 20. axb4 {[%emt 0:03:49]} axb4 {[%emt 0:00:18]} 21. Rxa8 {[%emt 0:00:28]} Rxa8 {[%emt 0:00:05]} 22. cxb4 {[%emt 0:01:01]} Qb7 {[%emt 0:05:50]} 23. Qf3 {[%emt 0:05:31]} Nc6 {[%emt 0:02:58]} 24. Nxc6 {[%emt 0:00:48]} Qxc6 {[%emt 0:00:15]} 25. Qc3 {[%emt 0:00:59]} Qb7 {[%emt 0:02:06]} 26. Rc1 {[%emt 0:05:28]} Rb8 {[%emt 0:03:17]} 27. Ra1 {[%emt 0:02:37]} h6 {[%emt 0:01:59]} 28. Ra4 {[%emt 0:00:29]} Rc8 {[%emt 0:01:46]} 29. Qd3 {[%emt 0:03:57]} Rc1+ {[%emt 0:03:50]} 30. Kg2 {[%emt 0:01:11]} Ne4 {[%emt 0:04:47]} 31. Nb3 {[%emt 0:05:17]} Rc4 {[%emt 0:10:06]} 32. f3 {[%emt 0:07:11]} Nf6 {[%emt 0:05:14]} 33. Nc5 {[%emt 0:00:44]} Qb8 {[%emt 0:09:00]} 34. b5 {[%emt 0:09:26]} Qxb5 {[%emt 0:03:31]} 35. b3 {[%emt 0:00:16]} Rxc5 {[%emt 0:00:22]} 36. Ra8+ {[%emt 0:00:05]} Ne8 {[%emt 0:00:08]} 37. Rxe8+ {[%emt 0:00:07]} Qxe8 {[%emt 0:00:02]} 38. dxc5 {[%emt 0:00:06]} Qc6 {[%emt 0:00:52]} 39. b4 {[%emt 0:00:30]} Kf8 {[%emt 0:05:51]} 40. Qc3 {[%emt 0:00:00]} f6 {[%emt 0:00:00]} 41. Qc2 {[%emt 0:08:00]} Ke7 {[%emt 0:07:06]} 42. Qa2 {[%emt 0:02:44]} Qb5 {[%emt 0:02:13]} 43. Qa7+ {[%emt 0:00:58]} Kf8 {[%emt 0:00:51]} 44. Qb6 {[%emt 0:01:16]} Qe2+ {[%emt 0:00:32]} 45. Kg3 {[%emt 0:00:09]} Qe1+ {[%emt 0:00:13]} 46. Kg2 {[%emt 0:00:07]} Qe2+ {[%emt 0:00:05]} 1/2-1/2

[Event "Romanian-ch Women 2022"]
[Site "Eforie Nord"]
[Date "2022.02.26"]
[Round "8.11"]
[White "Marin, Irina-Luiza"]
[Black "Matasaru, Stephanie"]
[Result "1-0"]
[WhiteElo "2058"]
[BlackElo "1861"]
[Annotator "ChessBase"]
[PlyCount "77"]
[EventDate "2022.02.20"]
[EventType "swiss"]
[EventCountry "ROU"]
[SourceTitle "playchess.com"]
[Source "ChessBase"]
[SourceQuality "1"]
[TimeControl "40/5400+30:900+30"]

1. c4 {[%emt 0:00:03]} c5 {[%emt 0:00:04]} 2. g3 {[%emt 0:00:11]} g6 {[%emt 0:00:05]} 3. Bg2 {[%emt 0:00:06]} Bg7 {[%emt 0:00:05]} 4. Nc3 {[%emt 0:00:14]} Nc6 {[%emt 0:00:04]} 5. e4 {[%emt 0:00:09]} d6 {[%emt 0:00:11]} 6. Nge2 {[%emt 0:00:10]} Nf6 {[%emt 0:00:05]} 7. O-O {[%emt 0:00:09]} O-O {[%emt 0:00:05]} 8. d3 {[%emt 0:00:05]} Rb8 {[%emt 0:00:26]} 9. h3 {[%emt 0:00:17]} a6 {[%emt 0:00:09]} 10. a4 {[%emt 0:00:08]} Ne8 {[%emt 0:00:21]} 11. Be3 {[%emt 0:00:36]} Nd4 {[%emt 0:00:45]} 12. Rb1 {[%emt 0:00:35]} Bd7 {[%emt 0:14:00]} 13. b4 {[%emt 0:02:29]} Nc7 {[%emt 0:07:28]} 14. b5 {[%emt 0:04:42]} axb5 {[%emt 0:00:29]} 15. axb5 {[%emt 0:00:17]} e6 {[%emt 0:11:29]} 16. Qd2 {[%emt 0:04:00]} b6 {[%emt 0:05:24]} 17. Bg5 {[%emt 0:13:01]} Qc8 {[%emt 0:03:02]} 18. Be7 {[%emt 0:02:03]} Re8 {[%emt 0:00:27]} 19. Bxd6 {[%emt 0:00:12]} e5 {[%emt 0:00:52]} 20. Bxc7 {[%emt 0:08:55]} Qxc7 {[%emt 0:00:16]} 21. Nxd4 {[%emt 0:02:57]} exd4 {[%emt 0:03:07]} 22. Nd5 {[%emt 0:00:09]} Qd8 {[%emt 0:01:03]} 23. f4 {[%emt 0:01:18]} f6 {[%emt 0:04:32]} 24. Ra1 {[%emt 0:02:52]} Be6 {[%emt 0:05:02]} 25. Ra7 {[%emt 0:00:52]} Bxd5 {[%emt 0:01:52]} 26. cxd5 {[%emt 0:00:11]} Ra8 {[%emt 0:01:10]} 27. Rfa1 {[%emt 0:03:49]} Rxa7 {[%emt 0:00:08]} 28. Rxa7 {[%emt 0:00:05]} Qd6 {[%emt 0:02:49]} 29. h4 {[%emt 0:05:10]} Bh6 {[%emt 0:04:03]} 30. Qa2 {[%emt 0:04:04]} Bf8 {[%emt 0:05:15]} 31. Bh3 {[%emt 0:02:48]} Kh8 {[%emt 0:04:38]} 32. Rd7 {[%emt 0:01:11]} Qb8 {[%emt 0:00:43]} 33. d6 {[%emt 0:01:57]} Rd8 {[%emt 0:02:24]} 34. Qf7 {[%emt 0:05:27]} Rxd7 {[%emt 0:00:22]} 35. Bxd7 {[%emt 0:00:05]} Qd8 {[%emt 0:04:18]} 36. e5 {[%emt 0:01:26]} fxe5 {[%emt 0:00:07]} 37. fxe5 {[%emt 0:00:08]} c4 {[%emt 0:01:01]} 38. Be6 {[%emt 0:01:14]} Bg7 {[%emt 0:01:42]} 39. d7 {[%emt 0:02:11]} 1-0

[Event "Romanian-ch Women 2022"]
[Site "Eforie Nord"]
[Date "2022.02.26"]
[Round "8.12"]
[White "Anghel, Maria"]
[Black "Lolici, Iselin-Amanda"]
[Result "1-0"]
[WhiteElo "1834"]
[BlackElo "1907"]
[Annotator "NA"]
[PlyCount "87"]
[EventDate "2022.02.20"]
[EventType "swiss"]
[EventCountry "ROU"]
[SourceTitle "playchess.com"]
[Source "ChessBase"]
[SourceQuality "1"]
[TimeControl "40/5400+30:900+30"]

1. d4 {[%emt 0:00:06]} g6 {[%emt 0:00:11]} 2. Nf3 {[%emt 0:00:09]} Bg7 {[%emt 0:00:05]} 3. c4 {[%emt 0:00:10]} d6 {[%emt 0:00:07]} 4. g3 {[%emt 0:00:09]} Nf6 {[%emt 0:01:12]} 5. Bg2 {[%emt 0:00:10]} O-O {[%emt 0:00:04]} 6. O-O {[%emt 0:00:14]} Nbd7 {[%emt 0:01:02]} 7. Nc3 {[%emt 0:00:13]} c6 {[%emt 0:00:23]} 8. e4 {[%emt 0:00:51]} Qc7 {[%emt 0:02:23]} 9. h3 {[%emt 0:00:27]} Rb8 {[%emt 0:02:25]} 10. Re1 {[%emt 0:02:12]} Rd8 {[%emt 0:04:36]} 11. Qe2 {[%emt 0:09:12]} e5 {[%emt 0:04:04]} 12. Be3 {[%emt 0:05:31]} Nf8 {[%emt 0:11:51]} 13. dxe5 {[%emt 0:05:26]} dxe5 {[%emt 0:00:07]} 14. Nxe5 {[%emt 0:03:24]} Nxe4 {[%emt 0:05:23]} 15. Nxe4 {[%emt 0:00:41]} Bxe5 {[%emt 0:01:04]} 16. Bg5 {[%emt 0:00:26]} Re8 {[%emt 0:01:52]} 17. Bf4 {[%emt 0:22:16]} Nd7 {[%emt 0:11:12]} 18. Nf6+ {[%emt 0:01:47]} Nxf6 {[%emt 0:00:25]} 19. Bxe5 {[%emt 0:00:09]} Qe7 {[%emt 0:00:38]} 20. Qd2 {[%emt 0:04:09]} Be6 {[%emt 0:02:45]} 21. Bxb8 {[%emt 0:02:33]} Rxb8 {[%emt 0:00:07]} 22. Qf4 {[%emt 0:02:25]} Rf8 {[%emt 0:09:01]} 23. Rad1 {[%emt 0:08:19]} Kg7 {[%emt 0:03:43]} 24. Qe5 {[%emt 0:02:30]} Qb4 {[%emt 0:04:23]} 25. g4 {[%emt 0:03:40]} h6 {[%emt 0:01:52]} 26. f4 {[%emt 0:00:58]} Qxc4 {[%emt 0:12:32]} 27. g5 {[%emt 0:00:51]} hxg5 {[%emt 0:02:13]} 28. fxg5 {[%emt 0:00:21]} Qxa2 {[%emt 0:01:05]} 29. Qxf6+ {[%emt 0:02:16]} Kg8 {[%emt 0:01:49]} 30. Re4 {[%emt 0:02:03]} Qb3 {[%emt 0:01:18]} 31. Bf3 {[%emt 0:04:17]} Bd5 {[%emt 0:03:23]} 32. Rh4 {[%emt 0:11:39]} Qe3+ {[%emt 0:00:11]} 33. Kg2 {[%emt 0:00:10]} Bxf3+ {[%emt 0:01:11]} 34. Qxf3 {[%emt 0:00:43]} Qxg5+ {[%emt 0:00:14]} 35. Qg4 {[%emt 0:01:16]} Qxg4+ {[%emt 0:02:33]} 36. Rxg4 {[%emt 0:00:38]} Re8 {[%emt 0:00:09]} 37. Kf3 {[%emt 0:01:23]} Re5 {[%emt 0:03:24]} 38. Rd7 {[%emt 0:02:10]} Rb5 {[%emt 0:00:57]} 39. b4 {[%emt 0:00:40]} a6 {[%emt 0:02:16]} 40. Rf4 {[%emt 0:00:00]} f5 {[%emt 0:00:00]} 41. Rfd4 {[%emt 0:01:43]} g5 {[%emt 0:01:57]} 42. Rc7 {[%emt 0:00:52]} Rd5 {[%emt 0:01:31]} 43. Rxd5 {[%emt 0:00:12]} cxd5 {[%emt 0:00:03]} 44. Rxb7 {[%emt 0:00:19]} 1-0

[Event "Romanian-ch Women 2022"]
[Site "Eforie Nord"]
[Date "2022.02.27"]
[Round "9.1"]
[White "Ciolacu, Alessia-Mihaela"]
[Black "Panainte, Andreea-Bianca"]
[Result "1/2-1/2"]
[WhiteElo "2239"]
[BlackElo "1865"]
[Annotator "TA"]
[PlyCount "128"]
[EventDate "2022.02.20"]
[EventType "swiss"]
[EventCountry "ROU"]
[SourceTitle "playchess.com"]
[Source "ChessBase"]
[SourceQuality "1"]

{[%evp 10,128,1,-15,7,8,25,9,10,19,26,-8,0,-12,0,-26,-24,-43,-21,-46,-45,-134,-114,-147,0,-4,27,14,18,21,59,52,53,48,48,48,52,57,87,80,113,106,112,117,114,112,108,80,106,83,83,83,83,83,83,72,72,52,52,47,46,45,45,45,45,45,45,45,45,45,45,45,45,41,40,40,58,58,58,58,58,58,58,58,60,60,2643,29967,29940,6564,29968,29970,29970,29971,29970,29972,29971,29973,29972,29974,29973,29973,29969,8,8,8,29972,8,8,8,8,8,8,8,8,0,0,0,0,0,0]} 1. d4 Nf6 2. Nf3 e6 3. Bf4 d5 4. e3 c5 5. c3 Nc6 6. Bd3 b6 {D02: 1 d4 d5 2 Nf3 sidelines, including 2...Nf6 3 g3 and 2...Nf6 3 Bf4.} 7. O-O Bd6 {[#]} 8. Ne5 $146 ({Predecessor:} 8. Bxd6 Qxd6 9. Nbd2 O-O 10. a4 Bb7 11. Qc2 h6 12. Rfb1 Rac8 13. Qd1 c4 14. Bc2 Ne7 15. a5 Rc7 16. Ne5 Ne8 17. Qg4 Nf6 {1-0 (90) Funayama S A,Y (1673)-Tsuchie,P (1150) Sao Paulo 2018}) 8... Qc7 {[%cal Rc6e5]} 9. Nxc6 Qxc6 10. Bg3 O-O 11. Nd2 Bb7 12. f4 Ne4 13. Nf3 f5 14. Bxe4 dxe4 15. Ng5 (15. Ne5 $15 Bxe5 16. fxe5) 15... Be7 $17 16. Qh5 {[%csl Gg5][%cal Rh5h7]} Bxg5 ({Black should play} 16... h6 $17 {aiming for ...cxd4.} 17. Nh3 Qb5) 17. fxg5 $11 Qe8 18. Qe2 cxd4 19. cxd4 a5 {And now ...Ba6 would win.} 20. Rfc1 Ba6 21. Qd1 Qb5 22. Qb3 Qxb3 23. axb3 Rac8 {Prevents Rc6.} 24. Bc7 Rf7 25. Bxb6 Rxc1+ 26. Rxc1 $16 {[%mdl 4096] Endgame KRB-KRB} f4 27. Kf2 ({Stronger than} 27. Bxa5 fxe3 28. b4 Rf5 $17) 27... f3 28. Bxa5 Rf5 {[%csl LRa5,LRg5]} 29. Rc5 (29. Bc7 {seems wilder.} fxg2+ 30. Bf4 Bf1 31. h4 g6 32. Rc5) 29... fxg2+ 30. Rxf5 exf5 31. Kxg2 {KB-KB} g6 32. Kg3 Kf7 33. d5 {Hoping for Kf4.} Bb7 $1 34. Kf4 {Strongly threatening Ke5.} Bxd5 35. Ke5 Bxb3 36. Bb6 Ke7 37. Bc5+ Kf7 38. Kd6 Ke8 39. Bb6 Kf7 40. Bd4 Ke8 41. Bc5 Kf7 42. Ke5 Ba4 43. b4 {[%cal Bb2b4,Bb4b5,Bb5b6][%mdl 32]} Bb5 44. Kd6 Ba4 45. Bd4 Be8 46. Kc5 Ke6 47. b5 Bd7 $2 {[%mdl 8192]} (47... Ke7 $14) 48. b6 $1 $18 Bc8 49. Kc6 f4 50. exf4 Kf5 51. Be3 Kg4 52. b7 Bxb7+ 53. Kxb7 {KB-K3P} Kf3 54. Bc1 $1 e3 55. Kc6 (55. Bxe3 Kxe3 56. f5 gxf5 57. h3 f4 58. Ka6 f3 59. Kb5 f2 60. h4 f1=Q+ 61. Kc5 Qf4 62. Kd5 Qxh4 63. g6 hxg6 64. Kd6 Qd8+ 65. Ke5 Qd7 66. Kf6 Kf4 67. Kxg6 Qe7 68. Kh6 Kf5 69. Kh5 Qh7#) 55... Kxf4 56. Kd5 $2 (56. h4 Ke4 57. Kd6 (57. Bxe3 $2 Kxe3 58. Kc7 Kf4 59. Kd7 Kg4 60. Ke7 Kxh4 61. Kf6 Kg4 62. Ke6 Kxg5 63. Ke5 h5 64. Ke4 h4 65. Kf3 Kf5 66. Kf2 Kf4 67. Kg2 g5 68. Kh2 g4 69. Kg1 h3 70. Kf2 g3+ 71. Ke2 g2 72. Kf2 Ke4 73. Ke1 g1=Q+ 74. Kd2 Qc5 75. Ke1 h2 76. Kf1 h1=Q+ 77. Ke2 Qe3#) 57... Kd4 58. Ba3 Ke4 59. Ke6 Kf3 60. Bb4 Kg4 61. Be1) 56... Kxg5 $11 (56... Kf3 $2 57. Ke5 (57. Bxe3 Kxe3 58. Ke5 Kf3 $11) 57... Kg2 58. Kf6 $18) 57. Bxe3+ {KB-KPP} Kg4 $2 {[%mdl 8192] [#]} (57... Kf5 $11) 58. Ke5 $2 (58. Ke6 $1 {mates} g5 59. Bb6 h5 60. Bc7 Kh3 61. Kf5 g4 62. Bg3 h4 {[#]} 63. Kf4 $1) 58... Kh3 {The position is equal.} 59. Bf4 {Intending Bg3 and mate.} g5 $1 60. Bg3 {White threatens Kf5 and mate.} h5 $1 61. Ke4 h4 62. Kf3 hxg3 63. hxg3 Kh2 64. Kg4 Kg2 {Weighted Error Value: White=0.34/Black=0.30} 1/2-1/2

[Event "Romanian-ch Women 2022"]
[Site "Eforie Nord"]
[Date "2022.02.27"]
[Round "9.2"]
[White "Cosman, Andreea-Marioara"]
[Black "Sandu, Mihaela"]
[Result "*"]
[WhiteElo "2127"]
[BlackElo "2269"]
[Annotator "TA"]
[PlyCount "76"]
[EventDate "2022.02.20"]
[EventType "swiss"]
[EventCountry "ROU"]
[SourceTitle "playchess.com"]
[Source "ChessBase"]
[SourceQuality "1"]

{[%evp 13,76,22,37,39,41,25,36,0,35,34,34,35,35,37,49,36,40,37,33,27,38,28,44,51,39,8,87,89,89,89,89,89,89,89,89,89,89,89,89,89,89,89,89,60,82,60,108,54,140,82,182,182,177,184,185,177,254,185,185,185,185,185,201,130,149]} 1. d4 f5 2. g3 Nf6 3. Bg2 g6 4. Nf3 Bg7 5. O-O O-O 6. b3 Ne4 7. Bb2 c5 {Recently 7...d6 got a lot of attention.} 8. Nbd2 {A81: Dutch Defence: 2 g3.} Nc6 9. e3 d6 10. Qc1 {White is slightly better.} (10. c4 {looks sharper.} Qa5 11. Nxe4 fxe4 12. Ne1 Bf5 13. g4) 10... cxd4 11. Nxe4 fxe4 12. Nxd4 {[#]} Nxd4 $146 ({Predecessor:} 12... d5 13. Nxc6 bxc6 14. Bxg7 Kxg7 15. Qb2+ Kg8 16. c4 Bg4 17. cxd5 cxd5 18. Rac1 Qd7 19. Qd2 Rf7 20. Bxe4 dxe4 {0-1 (20) Mueller,D-Lauber,A (2290) Germany 1995}) 13. Bxd4 e5 14. Bb2 d5 15. c4 {aiming for Rd1.} Bg4 {Inhibits Rd1.} 16. Qd2 (16. cxd5 {with more complications.} Qxd5 17. Qc2 Bf3 18. Bh3 Rf6 19. Rfc1) 16... dxc4 17. Qxd8 Rfxd8 18. Bxe4 Rac8 19. Rfc1 Be6 (19... b5 $11) 20. Bxb7 $16 Rb8 21. Be4 cxb3 22. axb3 Rxb3 23. Ba3 Bf5 24. Bxf5 gxf5 25. Bc5 Rc8 26. Bxa7 ({Of course not} 26. Rxa7 $6 Bf8 27. Ra5 Rb7 $11) 26... Rxc1+ 27. Rxc1 {[%mdl 4096] Endgame KRB-KRB} Rb7 28. Bc5 {[%cal Oe3e4]} Kf7 29. Kg2 Bf6 (29... Rc7 $14 {is superior.}) 30. Kf3 (30. e4 $16) 30... Ke6 (30... e4+ $14 31. Ke2 Rc7) 31. Rd1 (31. e4 $142 $1) 31... Kf7 {[#]} (31... e4+ $16 {keeps fighting.} 32. Ke2 Bc3) 32. e4 $1 $18 Rb3+ {[#]} 33. Be3 $1 fxe4+ 34. Kxe4 Ke6 (34... Kg6 {was necessary.} 35. Rd6 Rb4+ 36. Kf3 Kf7) 35. Rc1 {And now Rc6+ would win.} Rb4+ 36. Kf3 h5 37. h3 Kf5 38. Rc5 Ra4 {Weighted Error Value: White=0.14 (very precise) /Black=0.22 (precise)} *

[Event "Romanian-ch Women 2022"]
[Site "Eforie Nord"]
[Date "2022.02.27"]
[Round "9.3"]
[White "Lehaci, Miruna-Daria"]
[Black "Hoanca, Alexia-Ioana"]
[Result "1-0"]
[WhiteElo "2125"]
[BlackElo "1710"]
[Annotator "ChessBase"]
[PlyCount "119"]
[EventDate "2022.02.20"]
[EventType "swiss"]
[EventCountry "ROU"]
[SourceTitle "playchess.com"]
[Source "ChessBase"]
[SourceQuality "1"]
[TimeControl "40/5400+30:900+30"]

1. e4 {[%emt 0:00:03]} c6 {[%emt 0:00:04]} 2. d4 {[%emt 0:00:03]} d5 {[%emt 0:00:04]} 3. exd5 {[%emt 0:00:03]} cxd5 {[%emt 0:00:08]} 4. Bf4 {[%emt 0:00:06]} Nc6 {[%emt 0:01:10]} 5. c3 {[%emt 0:00:05]} Nf6 {[%emt 0:00:35]} 6. Nd2 {[%emt 0:00:06]} Bg4 {[%emt 0:00:27]} 7. Qb3 {[%emt 0:00:06]} Qc8 {[%emt 0:00:45]} 8. Ngf3 {[%emt 0:00:26]} e6 {[%emt 0:00:58]} 9. Bd3 {[%emt 0:00:06]} Be7 {[%emt 0:00:39]} 10. O-O {[%emt 0:00:06]} O-O {[%emt 0:00:21]} 11. Ne5 {[%emt 0:00:24]} Bh5 {[%emt 0:01:32]} 12. Qc2 {[%emt 0:01:24]} Bg6 {[%emt 0:09:20]} 13. Nxg6 {[%emt 0:00:11]} hxg6 {[%emt 0:00:07]} 14. Nf3 {[%emt 0:00:28]} Qd8 {[%emt 0:01:54]} 15. Rae1 {[%emt 0:02:57]} Bd6 {[%emt 0:01:16]} 16. Bxd6 {[%emt 0:01:48]} Qxd6 {[%emt 0:00:07]} 17. Ne5 {[%emt 0:00:10]} Nd7 {[%emt 0:03:06]} 18. f4 {[%emt 0:02:03]} Rab8 {[%emt 0:00:57]} 19. Re3 {[%emt 0:03:00]} b5 {[%emt 0:03:51]} 20. Rh3 {[%emt 0:08:35]} Ne7 {[%emt 0:08:35]} 21. a3 {[%emt 0:22:52]} a5 {[%emt 0:04:14]} 22. b4 {[%emt 0:13:51]} axb4 {[%emt 0:05:07]} 23. axb4 {[%emt 0:00:05]} Rfc8 {[%emt 0:04:04]} 24. Qd2 {[%emt 0:01:58]} Qc7 {[%emt 0:04:32]} 25. Bb1 {[%emt 0:01:14]} Ra8 {[%emt 0:03:10]} 26. Qe2 {[%emt 0:04:30]} Nxe5 {[%emt 0:01:43]} 27. fxe5 {[%emt 0:00:12]} Ra3 {[%emt 0:05:54]} 28. Qf2 {[%emt 0:05:58]} Nf5 {[%emt 0:02:16]} 29. Bxf5 {[%emt 0:06:10]} gxf5 {[%emt 0:01:02]} 30. Qh4 {[%emt 0:00:13]} Kf8 {[%emt 0:01:41]} 31. Qh8+ {[%emt 0:01:06]} Ke7 {[%emt 0:00:26]} 32. Qxg7 {[%emt 0:00:07]} Rf8 {[%emt 0:01:53]} 33. Qg3 {[%emt 0:03:21]} Qc4 {[%emt 0:05:41]} 34. Rc1 {[%emt 0:02:21]} Raa8 {[%emt 0:06:00]} 35. Qg5+ {[%emt 0:01:02]} Kd7 {[%emt 0:01:24]} 36. Rf3 {[%emt 0:04:50]} Rg8 {[%emt 0:02:00]} 37. Qe3 {[%emt 0:02:21]} Rg4 {[%emt 0:04:38]} 38. Rf2 {[%emt 0:01:45]} Rc8 {[%emt 0:01:49]} 39. Rfc2 {[%emt 0:01:24]} Re4 {[%emt 0:04:55]} 40. Qf2 {[%emt 0:00:00]} Ra8 {[%emt 0:00:00]} 41. Qd2 {[%emt 0:06:13]} Rg4 {[%emt 0:03:06]} 42. Re1 {[%emt 0:04:45]} Rag8 {[%emt 0:02:25]} 43. Re2 {[%emt 0:01:43]} f4 {[%emt 0:05:23]} 44. Rf2 {[%emt 0:00:37]} Qb3 {[%emt 0:06:48]} 45. Rb2 {[%emt 0:01:36]} Qc4 {[%emt 0:01:45]} 46. Ra2 {[%emt 0:01:38]} f3 {[%emt 0:01:14]} 47. g3 {[%emt 0:01:03]} Qb3 {[%emt 0:00:58]} 48. Rxf3 {[%emt 0:01:23]} f5 {[%emt 0:02:19]} 49. exf6 {[%emt 0:01:00]} Qb1+ {[%emt 0:00:11]} 50. Kg2 {[%emt 0:00:34]} Rh4 {[%emt 0:00:30]} 51. Rf4 {[%emt 0:08:53]} Rxf4 {[%emt 0:07:56]} 52. Ra7+ {[%emt 0:00:04]} Kc6 {[%emt 0:00:00]} 53. Qxf4 {[%emt 0:00:06]} Qc2+ {[%emt 0:00:00]} 54. Qf2 {[%emt 0:00:05]} Qe4+ {[%emt 0:00:00]} 55. Kg1 {[%emt 0:00:10]} Rg5 {[%emt 0:00:00]} 56. Ra6+ {[%emt 0:00:41]} Kb7 {[%emt 0:00:00]} 57. Ra2 {[%emt 0:01:17]} Rf5 {[%emt 0:00:00]} 58. Qe2 {[%emt 0:00:08]} Qb1+ {[%emt 0:00:27]} 59. Kg2 {[%emt 0:00:05]} Rxf6 {[%emt 0:00:05]} 60. Qxb5+ {[%emt 0:00:14]} 1-0